01643nab a2200265uuc4500001000800000005001700008008004100025035001200066035002100078040001300099041000800112100003300120245007900153520072900232650003800961650002100999650002101020700002601041700002801067700003201095700003301127700002901160700003101189773015701220123051520240202100734.0110203s2010 eng  a1230515 a(OCoLC)820572990 ccomduadb aeng10aBobowik, Magdalena4auteaut10aBeliefs about history, the meaning of historical events and culture of war3 aSe estudiaron las creencias sobre el contenido de la historia, el significado de la Segunda Guerra Mundial y la evaluación de eventos históricos en relación con una actitud favorable a la guerra. Los participantes fueron 1183 estudiantes universitarios de España, Portugal, Argentina, Brasil, Perú y Cabo Verde. Se encontraron cuatro grandes dimensiones en las representaciones sobre el pasado: la historia como proceso de progreso y dirigida por líderes; la historia compuesta por calamidades que se deben aceptar; la historia como violencia y catástrofes; y, la historia como carente de sentido. La prevalente visión positiva de la historia se asoció a una actitud favorable a luchar en una nueva guerra. 7aRepresentaciones sociales2armarc 7aViolencia2embne aGuerra y cultura10aPaez, Dario4auteaut10aLiu, James H.4auteaut10aEspinosa, Agustin4auteaut10aTechio, Elza Maria4auteaut10aZubieta, Elena4auteaut10aCabecinhas, Rosa4auteaut0 tRevista de Psicología (Pontificia universidad Católica del Perú)gVolumen 28, Número 01, Enero-Junio 2010, p. 111-146w607617x0254-92470181725